|
|
|
|
| LEADER |
00000nam a22000005a 4500 |
| 001 |
vtls010500283 |
| 003 |
SK-MaSNL |
| 005 |
20260501044605.0 |
| 008 |
160430s2012 xo o f a 100 0 slo |
| 015 |
|
|
|a SNBA2013/04
|
| 020 |
|
|
|a 9788022333177 (brož.)
|
| 035 |
|
|
|a A2FF1A43-7D2D-4447-A75E-37B42C6E3AE4
|
| 035 |
|
|
|a urn:nbn:sk:snk-amjn2y
|
| 035 |
|
|
|a urn:nbn:sk:snk-am001oxb
|
| 040 |
|
|
|a SNK
|b slo
|c SNK
|e AACR2
|
| 041 |
0 |
|
|a slo
|
| 043 |
|
|
|a e-xo---
|
| 044 |
|
|
|a xo
|c SK
|
| 072 |
|
7 |
|a 502
|x Životné prostredie a jeho ochrana
|2 konspekt
|
| 080 |
|
|
|a (437.6)
|2 2001
|
| 080 |
|
|
|a (048.3)
|2 2001
|
| 080 |
|
|
|a (062.534)
|2 2001
|
| 080 |
|
|
|a 591.9
|2 2001
|
| 080 |
|
|
|a 502.2
|2 2001
|
| 080 |
|
|
|a 581.9
|2 2001
|
| 080 |
|
|
|a 574.2
|2 2001
|
| 245 |
0 |
0 |
|a Príroda Martinského lesa: stav a perspektívy (vedecké kolokvium)
|b zborník abstraktov - vybrané príspevky : 20. november 2012, Mestské múzeum, Senec
|c editori: Fedor, P. & Doričová, M.
|
| 250 |
|
|
|a [1. vyd.]
|
| 260 |
|
|
|a Bratislava
|b Univerzita Komenského
|c 2012
|
| 300 |
|
|
|a 27 s.
|b fotogr.
|c 21 cm
|
| 650 |
0 |
7 |
|a fauna
|2 SNKPH
|9 3748
|
| 650 |
0 |
7 |
|a Nature
|2 SNKPHeng
|9 267314
|
| 650 |
0 |
7 |
|a flóra
|2 SNKPH
|9 85117
|
| 650 |
0 |
7 |
|a biotopy
|2 SNKPH
|9 3901
|
| 650 |
0 |
7 |
|a Biotopes
|2 SNKPHeng
|9 324531
|
| 650 |
0 |
7 |
|a príroda
|2 SNKPH
|9 3813
|
| 650 |
0 |
7 |
|a flóra
|2 SNKPH
|9 85117
|
| 651 |
|
7 |
|a Martinský les (Senec, Slovensko)
|2 SNKPH
|9 655196
|
| 651 |
|
7 |
|a Martinský les (Senec, Slovakia)
|2 SNKPHeng
|9 655197
|
| 655 |
|
7 |
|a abstrakty
|2 SNKPH
|9 22516
|
| 655 |
|
7 |
|a zborníky konferencií
|2 SNKPH
|9 70153
|
| 655 |
|
7 |
|a Abstracts
|2 SNKPHeng
|9 275616
|
| 655 |
|
7 |
|a Proceedings of conferences
|2 SNKPHeng
|9 265791
|
| 700 |
1 |
|
|a Fedor, Peter,
|d 1976-
|4 edt
|9 199079
|
| 700 |
1 |
|
|a Doričová, Martina
|4 edt
|9 356479
|
| 919 |
|
|
|a 978-80-223-3317-7
|
| 999 |
|
|
|c 1010676
|d 1012606
|
| 952 |
|
|
|a SNK
|b SNK
|y PREZ
|7 0
|p 17A1066391
|o snkSC 153806
|i snk2013/7355
|8 0
|0 0
|1 0
|4 0
|d 2013-04-02
|l 0
|r 2025-07-24 00:00:00
|w 2026-02-24
|
| 952 |
|
|
|a SNK
|b SNK
|y VYP
|7 0
|p 17A1066392
|o snkSC 153806 D1
|i snk2013/7357
|8 0
|0 0
|1 0
|4 0
|d 2013-04-02
|f 1
|l 0
|r 2026-02-24 12:50:59
|w 2026-02-24
|